[Event "TCh-FRA Nat1 GpA"]
[Site "Evry"]
[Date "2004.01.30"]
[Round "1"]
[White "Vaisser, Anatoli"]
[Black "Fressinet, Laurent"]
[Result "1/2-1/2"]
[WhiteElo "2573"]
[BlackElo "2636"]
[PlyCount "82"]
[EventDate "2004.01.30"]
[Source "Roberto Alvarez"]
[SourceDate "2004.02.09"]

1. d4 d5 2. c4 e6 3. Nc3 c6 4. cxd5 exd5 5. Bf4 Bd6 6. Bxd6 Qxd6 7. e3 Ne7 8. Nge2 O-O 9. g3 Re8 10. Bg2 Nd7 11. O-O Qh6 12. Nf4 Nf6 13. Re1 Ng6 14. f3 Nxf4 15. exf4 Bh3 16. Qd2 Bxg2 17. Kxg2 Nd7 18. Rxe8+ Rxe8 19. Re1 Rxe1 20. Qxe1 Qe6 21. Qd2 Qe7 22. f5 Qb4 23. g4 h6 24. h4 c5 25. Qe2 Qxd4 26. Qe8+ Nf8 27. Qd8 Qd2+ 28. Kg3 Qe1+ 29. Kg2 Qd2+ 30. Kg3 Qe1+ 31. Kg2 d4 32. Nd5 Qe2+ 33. Kg3 Qe5+ 34. f4 Qe1+ 35. Kg2 f6 36. g5 Qe2+ 37. Kg3 Qd3+ 38. Kg2 Qe2+ 39. Kg3 Qe1+ 40. Kg2 Qe4+ 41. Kg3 Qd3+ 1/2-1/2

[Event "TCh-POL Ekstraliga"]
[Site "?"]
[Date "2005.09.08"]
[Round "6"]
[White "Kempinski Robert"]
[Black "Miton Kamil"]
[Result "1/2-1/2"]
[WhiteElo "2619"]
[BlackElo "2589"]
[PlyCount "55"]
[EventDate "2005.??.??"]
[Source "www.chesslib.no"]
[SourceDate "2004.05.04"]

1. d4 d5 2. c4 c6 3. Nc3 e6 4. e3 f5 5. g4 Nf6 6. gxf5 exf5 7. Qb3 dxc4 8. Bxc4 Bd6 9. Bd2 Qe7 10. a4 Nbd7 11. a5 b5 12. Bd3 g6 13. O-O-O Ne4 14. Be1 Ndf6 15. Nge2 Be6 16. Qc2 O-O 17. Kb1 a6 18. f3 Nxc3+ 19. Nxc3 Qf7 20. Qe2 c5 21. dxc5 Bxc5 22. e4 fxe4 23. Nxe4 Nxe4 24. Bxe4 Ba2+ 25. Ka1 Bc4 26. Qd2 Rac8 27. Bg3 Qf6 28. Bd5+ 1/2-1/2

[Event "Moscow RUS"]
[Site "?"]
[Date "2006.02.12"]
[Round "5"]
[White "Yakovich Yuri"]
[Black "Timofeev Artyom"]
[Result "1/2-1/2"]
[WhiteElo "2551"]
[BlackElo "2653"]
[PlyCount "43"]
[EventDate "2006.??.??"]
[Source "www.chesslib.no"]
[SourceDate "2004.05.04"]

1. d4 d5 2. c4 e6 3. Nc3 c6 4. e4 dxe4 5. Nxe4 Bb4+ 6. Bd2 Qxd4 7. Bxb4 Qxe4+ 8. Be2 Na6 9. Ba5 f6 10. Nf3 b6 11. Nd2 Qf5 12. Bh5+ g6 13. Bf3 Ne7 14. Bc3 e5 15. O-O O-O 16. Be4 Qf4 17. b4 Nc7 18. b5 Bg4 19. g3 Bxd1 20. gxf4 Ba4 21. Bb4 Rfe8 22. fxe5 1/2-1/2